Spotrebné koše - ich konštrukcia a praktické využitie.

Vymedzenie obsahu pojmov minimálny, racionálny a optimálny spotrebný kôš, možnosti ich využitia. Hlavné zásady, ktoré treba rešpektovať pri zostavovaní jednotlivých spotrebných košov. Metodika zostavovania racionálneho spotrebného koša pre deti a mládež.

Salvato in:
Dettagli Bibliografici
Autore principale: Tonhauserová, A.
Natura: Capitolo di libro
Lingua:slovacco
Soggetti:
Tags: Aggiungi Tag
Nessun Tag, puoi essere il primo ad aggiungerne!!

MARC

LEADER 00000naa a2200000 4500
001 r004396
005 20221125081039.2
041 0 |a slo 
044 |a [CS] 
245 1 0 |a Spotrebné koše - ich konštrukcia a praktické využitie.  |c A. Tonhauserová 
520 |a Vymedzenie obsahu pojmov minimálny, racionálny a optimálny spotrebný kôš, možnosti ich využitia. Hlavné zásady, ktoré treba rešpektovať pri zostavovaní jednotlivých spotrebných košov. Metodika zostavovania racionálneho spotrebného koša pre deti a mládež. 
610 2 0 |a spotreba obyvateľstva 
610 2 0 |a ČSFR 
610 2 0 |a pojmy 
610 2 0 |a kôš spotrebný 
100 1 |a Tonhauserová, A.